Guess the Taylor Swift song with no hints #4 - Statistics

General Stats
  • This quiz has been taken 209 times
  • The average score is 226 of 336
Answer Stats
Answer % Correct
I
100%
a
97%
you
97%
the
95%
and
91%
we
91%
your
91%
on
90%
be
89%
in
89%
it
89%
to
89%
when
89%
is
88%
that
87%
me
86%
do
85%
he
85%
i'm
85%
who
85%
like
83%
love
83%
my
83%
but
81%
it's
79%
all
77%
know
76%
this
75%
don't
74%
did
73%
as
72%
ever
72%
for
71%
said
71%
how
69%
i've
69%
never
68%
'cause
67%
why
67%
been
66%
think
65%
didn't
64%
time
64%
had
63%
off
62%
up
61%
get
59%
one
59%
out
58%
him
57%
again
56%
does
56%
got
55%
back
54%
begin
52%
about
51%
every
51%
last
51%
down
50%
head
50%
here
50%
watched
50%
you'd
50%
want
48%
cafe
47%
always
46%
Wednesday
46%
first
45%
funny
42%
girl
42%
little
42%
thinking
41%
end
40%
heels
40%
kid
40%
laughing
40%
throw
40%
wore
40%
high
39%
Took
39%
break
38%
car
38%
walk
38%
months
37%
burn
36%
eight
36%
strange
36%
talk
36%
nice
35%
many
34%
met
34%
spending
34%
what's
34%
records
33%
song
33%
tell
33%
James
32%
pull
32%
put
32%
Taylor
31%
almost
30%
coming
30%
shy
30%
walked
30%
family
29%
mirror
29%
breath
28%
chair
28%
deep
28%
late
28%
Christmas
27%
early
27%
movies
27%
past
27%
single
27%
start
27%
brought
26%
watches
26%
expecting
25%
stand
25%
headphones
23%
help
23%
stories
20%
turn
19%
wave
19%
block
17%
lock
17%
No matching quizzes found
Score Distribution
Percent of People with Each Score
Percentile by Number Answered
Your Score History
You have not taken this quiz